French Desserts - Statistics

General Stats
  • This quiz has been taken 2,334 times
  • The average score is 6 of 12
Answer Stats
Picture Hint Answer % Correct
C________ Croissant
100%
E_____ Éclair
87%
C____ ____ Crème Brûlée
86%
P___ __ ______ Pain au Chocolat
67%
M_______ Madeleine
49%
P__________ Profiterole
45%
M___-____ Mille-Feuille
39%
T____ __ C_____ Tarte au Citron
39%
T____ ___ Tarte Tatin
32%
B_____ Beignet
26%
C____ S_____ Crêpe Suzette
22%
F______ Fraisier
17%
No matching quizzes found
Score Distribution
Percent of People with Each Score
Percentile by Number Answered
Your Score History
You have not taken this quiz